| 000 | 00374nam a22001457a 4500 | ||
|---|---|---|---|
| 005 | 20250923145125.0 | ||
| 008 | 250923b |||||||| |||| 00| 0 eng d | ||
| 020 | _a9781403986726 | ||
| 050 |
_aPR9387 _b.9 MOR |
||
| 100 | _aMORRISON JAGO | ||
| 245 | _aTHE FICTION OF CHINUA ACHEBE | ||
| 260 |
_aNEW YORK _bPALGRAVE MACMILLAN _c2007 |
||
| 300 | _aix, 185p | ||
| 942 |
_2lcc _cBK _n0 |
||
| 999 |
_c7654 _d7654 |
||